| 000 | 00861nam a2200265 a 4500 | ||
|---|---|---|---|
| 001 | 000018211 | ||
| 005 | 20200929165413.0 | ||
| 008 | 911129s1976 ag a b 001 0 spa d | ||
| 010 | _a91221579 | ||
| 035 | _a(OCoLC)3789726 | ||
| 040 |
_aDO-SdBNP _cDLC _dDLC |
||
| 042 | _alccopycat | ||
| 050 | 0 | 0 | _aMLCM 91/12659 (P) |
| 100 | 1 |
_aBornemann, Elsa Isabel. _939430 |
|
| 245 | 1 | 0 |
_aPoesia infantil : _bestudio y antologia / _cElsa Isabel Bornemann. |
| 250 | _a1. ed. | ||
| 260 |
_aBuenos Aires : _bEditorial Latina, _c1976. |
||
| 300 |
_a191 p. : _bill. ; _c25 cm. |
||
| 504 | _aIncludes bibliographies and index. | ||
| 505 | 0 | _aEstudio de la poesia infantil -- Antologia de la poesia infantil. | |
| 650 | 0 |
_aSpanish poetry _xHistory and criticism. _939431 |
|
| 650 | 0 |
_aChildren's poetry. _939432 |
|
| 910 | _aCatalogación por copia / LC | ||
| 082 | 0 | 4 | _a861 |
| 999 |
_c17732 _d17732 |
||